MCSD: Visual Basic 5 study guide / (Record no. 133100)

MARC details
000 -LEADER
fixed length control field 00726nam a22002297a 4500
005 - DATE AND TIME OF LATEST TRANSACTION
control field 20170124110204.0
010 ## - LIBRARY OF CONGRESS CONTROL NUMBER
LC control number A-943225
020 ## - INTERNATIONAL STANDARD BOOK NUMBER
Terms of availability 00.00
International Standard Book Number 8170299896
035 ## - SYSTEM CONTROL NUMBER
System control number A-943225
037 ## - SOURCE OF ACQUISITION
Source of stock number/acquisition Cen Lib/Ret
040 ## - CATALOGING SOURCE
Original cataloging agency DPL
Language of cataloging EN
082 ## - DEWEY DECIMAL CLASSIFICATION NUMBER
Classification number 005.13
Item number MCK
100 ## - MAIN ENTRY--PERSONAL NAME
Personal name McKelvy, Michael
9 (RLIN) 36812
245 ## - TITLE STATEMENT
Title MCSD: Visual Basic 5 study guide /
Statement of responsibility, etc by Michael McKelvy
260 ## - PUBLICATION, DISTRIBUTION, ETC. (IMPRINT)
Place of publication, distribution, etc New Delhi
Name of publisher, distributor, etc BPB Publications
Date of publication, distribution, etc 1998
270 ## - ADDRESS
Address B-14, Connaught Place
City New Delhi
Postal code 110001
300 ## - PHYSICAL DESCRIPTION
Extent xxxv,715p. :
Dimensions 23cm(Hb)
Other physical details ill.
500 ## - GENERAL NOTE
General note Includes index
650 ## - SUBJECT ADDED ENTRY--TOPICAL TERM
Topical term or geographic name as entry element Microsoft software--Examinations
9 (RLIN) 36813
650 ## - SUBJECT ADDED ENTRY--TOPICAL TERM
Topical term or geographic name as entry element Visual Basic (Computer program language)
9 (RLIN) 36814
942 ## - ADDED ENTRY ELEMENTS (KOHA)
Source of classification or shelving scheme Dewey Decimal Classification
Koha item type English Books
Classification part 005.13
Call number suffix MCK
Holdings
Withdrawn status Lost status Damaged status Not for loan Home library Current library Date acquired Source of acquisition Cost, normal purchase price Total Checkouts Full call number Barcode Date last seen Copy number Cost, replacement price Price effective from Koha item type Public note
Written off       Central Library Central Library 24/07/2015 Cen Lib/Ret 0.00   005.13 MCK A-943225 24/07/2015 1 0.00 24/07/2015 English Books W/d list no. 6809/12

© Delhi Public Library
Hit Counter
free hit counter